Statystyki dla 15 najbardziej dotkniętych krajów Covid-19 - 11 lipca

Kliknij tutaj aby rozwiązać quiz!

Ogólne statystyki

  • Ten quiz został rozwiązany 15 razy
  • Średni wynik to 10 z 25

Statystyki odpowiedzi

kraj% Poprawnych
Rosja
93%
Włochy
93%
Stany Zjednoczone
86%
Wielka Brytania
86%
Hiszpania
79%
Indie
79%
Brazylia
71%
Republika
Południowej Afryki
50%
Turcja
50%
Chile
36%
Chile
36%
Meksyk
36%
Szwecja
36%
Peru
29%
Arabia Saudyjska
21%
Białoruś
21%
Iran
14%
Oman
14%
Singapur
14%
Armenia
7%
Bahrajn
7%
Katar
7%
Kuwejt
7%
Pakistan
7%
Panama
7%

Rozkład punktacji

Percentyl według liczby udzielonych odpowiedzi

Procent ludzi z każdym wynikiem

Twoja historia wyników

Nie rozwiązałeś tego quizu